[Event "31.Schlosspark-Open"]
[Site "Wiesbaden-Biebrich"]
[Date "2019.08.23"]
[Round "3.1"]
[White "Ruppert, Wolfgang"]
[Black "Khenkin, Igor"]
[Result "1-0"]
[WhiteElo "2145"]
[BlackElo "2547"]
[PlyCount "125"]
[EventDate "2019.??.??"]
[WhiteTeam "SC Flörsheim"]
[BlackTeam "SG Turm Kiel"]

1. d4 d5 2. Bf4 Nf6 3. e3 c5 4. c3 Nc6 5. Nd2 Bf5 6. Ngf3 e6 7. Be2 Be7 8. Ne5
Nxe5 9. Bxe5 O-O 10. O-O c4 11. Bxf6 Bxf6 12. Bg4 Rc8 13. Bxf5 exf5 14. Qc2 Qd7
15. Rfe1 Rfe8 16. Re2 g6 17. Rae1 Rc6 18. g3 Rce6 19. Kg2 b5 20. Nf3 a5 21. a3
Rb6 22. h4 h5 23. Ng1 b4 24. axb4 axb4 25. Ra1 bxc3 26. bxc3 Rb3 27. Nh3 Qb7
28. Nf4 Bd8 29. Ree1 Bc7 30. Ne2 Ra8 31. Ra2 Rxa2 32. Qxa2 Rb2 33. Qa4 Bd6 34.
Qe8+ Kg7 35. Ra1 Rxe2 36. Ra8 Kf6 37. Qh8+ Ke6 38. Re8+ Kd7 39. Ra8 Kc6 40.
Qe8+ Kb6 41. Qa4 Bc7 42. Ra5 Rb2 43. Rc5 Qc8 44. Qc6+ Ka7 45. Ra5+ Bxa5 46.
Qxc8 Bxc3 47. Qc5+ Kb8 48. Qf8+ Kc7 49. Qc5+ Kb8 50. Qxd5 Be1 51. Qxc4 Rxf2+
52. Kg1 Rf3 53. Qb5+ Kc7 54. Qe5+ Kc8 55. Qe8+ Kc7 56. Qxf7+ Kd6 57. Qxg6+ Kd5
58. Qxh5 Ke4 59. Qe8+ Kd3 60. h5 Rxg3+ 61. Kf1 Bd2 62. Qb5+ Ke4 63. Qe5+ 1-0

[Event "31.Schlosspark-Open"]
[Site "Wiesbaden-Biebrich"]
[Date "2019.08.23"]
[Round "3.2"]
[White "Poetsch, Hagen"]
[Black "Musiolik, David"]
[Result "1-0"]
[WhiteElo "2508"]
[BlackElo "2148"]
[PlyCount "119"]
[EventDate "2019.??.??"]
[WhiteTeam "SC Heusenstamm"]
[BlackTeam "SV Worms"]

1. e4 e6 2. d4 d5 3. Nc3 Bb4 4. e5 c5 5. a3 Bxc3+ 6. bxc3 Ne7 7. Qg4 O-O 8. Bd3
f5 9. exf6 Rxf6 10. Bg5 Rf7 11. Qh5 g6 12. Qd1 Qa5 13. Bd2 Nbc6 14. Nf3 Qa4 15.
Qb1 a6 16. Qb3 Qxb3 17. cxb3 cxd4 18. Nxd4 e5 19. Nxc6 Nxc6 20. O-O Bf5 21. Be2
Na5 22. Bd1 Bd3 23. Re1 Nc6 24. Bf3 e4 25. Bg4 Re8 26. Be3 h5 27. Be2 Ne5 28.
Bd4 Bxe2 29. Rxe2 Nd3 30. f3 Rfe7 31. fxe4 Rxe4 32. Rxe4 dxe4 33. Be3 Rc8 34.
c4 Ne5 35. Rd1 Kf7 36. Rd4 Ng4 37. Rxe4 Nxe3 38. Rxe3 b5 39. cxb5 axb5 40. Re5
b4 41. axb4 Rc3 42. h4 Rxb3 43. b5 Rb4 44. g3 Rb3 45. Kf2 Rb2+ 46. Ke1 Rb3 47.
Rg5 Ke7 48. Kd2 Kf6 49. Kc2 Rb4 50. Kc3 Rb1 51. Kc4 Rb2 52. Kc5 Rc2+ 53. Kd6
Rb2 54. Kc6 Re2 55. b6 Re6+ 56. Kb5 Re8 57. b7 Re3 58. Kb6 Re6+ 59. Ka7 Re7 60.
Ka8 1-0

[Event "31.Schlosspark-Open"]
[Site "Wiesbaden-Biebrich"]
[Date "2019.08.23"]
[Round "3.3"]
[White "Henrich, Thomas"]
[Black "Milov, Leonid"]
[Result "0-1"]
[WhiteElo "2150"]
[BlackElo "2455"]
[PlyCount "58"]
[EventDate "2019.??.??"]
[WhiteTeam "SK Marburg"]
[BlackTeam "SC Noris-Tarrasch Nürnberg"]

1. e4 c5 2. Nf3 e6 3. d4 cxd4 4. Nxd4 Nc6 5. Nc3 Qc7 6. Be3 a6 7. Qf3 Nf6 8.
O-O-O Be7 9. Be2 d6 10. g4 Nxd4 11. Rxd4 b5 12. g5 Nd7 13. Qg3 Rb8 14. h4 Nc5
15. a3 Bd7 16. Kb1 a5 17. b4 axb4 18. Rxb4 O-O 19. h5 Rfc8 20. g6 Bf6 21. Bd4
Bxd4 22. gxh7+ Kxh7 23. Rxd4 Na4 24. h6 Nxc3+ 25. Ka1 g6 26. Qf3 f5 27. exf5
exf5 28. Rg1 Nxe2 29. Qxe2 Qc3+ 0-1

[Event "31.Schlosspark-Open"]
[Site "Wiesbaden-Biebrich"]
[Date "2019.08.23"]
[Round "3.4"]
[White "Carow, Johannes"]
[Black "Vakulenko, Oleksandr"]
[Result "1-0"]
[WhiteElo "2423"]
[BlackElo "2144"]
[PlyCount "59"]
[EventDate "2019.??.??"]
[WhiteTeam "SF Heidesheim"]
[BlackTeam "Gambit Kiew"]

1. d4 d5 2. c4 Nc6 3. cxd5 Qxd5 4. e3 e5 5. Nc3 Bb4 6. a3 Bxc3+ 7. bxc3 Nf6 8.
c4 Qd6 9. d5 Ne7 10. a4 Nd7 11. Ba3 Nc5 12. Ne2 f5 13. Nc3 Bd7 14. a5 O-O 15.
Be2 b6 16. O-O Qg6 17. Qc2 Qg5 18. f4 Qf6 19. Kh1 Rfe8 20. Nb5 Rec8 21. Bb2 Ng6
22. axb6 Bxb5 23. cxb5 cxb6 24. fxe5 Nxe5 25. Rxf5 Nb3 26. Qe4 Nxa1 27. Rxf6
gxf6 28. h3 Rc2 29. Bxe5 fxe5 30. Bd3 1-0

[Event "31.Schlosspark-Open"]
[Site "Wiesbaden-Biebrich"]
[Date "2019.08.23"]
[Round "3.5"]
[White "Guelsen, Taylan"]
[Black "Inkiov, Ventzislav"]
[Result "0-1"]
[WhiteElo "2144"]
[BlackElo "2418"]
[PlyCount "72"]
[EventDate "2019.??.??"]
[WhiteTeam "SG Niederkassel"]
[BlackTeam "SC Ötigheim"]

1. d4 Nf6 2. c4 e6 3. Nf3 d5 4. g3 dxc4 5. Bg2 Nc6 6. O-O Rb8 7. a4 Be7 8. Na3
Na5 9. Bf4 Nd5 10. e4 Nxf4 11. gxf4 b6 12. Ne5 Ba6 13. Nb5 c6 14. Nc3 O-O 15.
Qg4 b5 16. axb5 cxb5 17. f5 Bc8 18. Rxa5 Qxa5 19. Nc6 Qc7 20. Nxb8 Qxb8 21.
fxe6 Bxe6 22. Qh5 b4 23. Nd5 Bxd5 24. Qxd5 c3 25. Qb3 Rc8 26. Bh3 Rc7 27. e5
Qb6 28. d5 c2 29. Rc1 Qh6 30. f4 Qxf4 31. Rxc2 Qd4+ 32. Rf2 Bh4 33. Qf3 Bxf2+
34. Qxf2 Qxd5 35. Qe3 Qc5 36. Qxc5 Rxc5 0-1

[Event "31.Schlosspark-Open"]
[Site "Wiesbaden-Biebrich"]
[Date "2019.08.23"]
[Round "3.6"]
[White "Gutman, Lev"]
[Black "Seewi, Joram"]
[Result "1-0"]
[WhiteElo "2412"]
[BlackElo "2098"]
[PlyCount "145"]
[EventDate "2019.??.??"]
[WhiteTeam "SV Lingen"]
[BlackTeam "SG Kalker/Deutzer"]

1. Nf3 Nc6 2. d4 d5 3. g3 Nf6 4. Bg2 g6 5. O-O Bg7 6. b3 O-O 7. Bb2 e6 8. Nbd2
Ne4 9. c4 f5 10. Rc1 Bd7 11. cxd5 exd5 12. b4 a6 13. Ne5 Ne7 14. Nb3 Ba4 15.
Nd3 Bxb3 16. axb3 Qd6 17. e3 Rfc8 18. Ra1 Qb6 19. g4 Qf6 20. f3 Nd6 21. e4 Nb5
22. e5 Qb6 23. Nc5 Na7 24. Qd2 Nac6 25. Bc3 Re8 26. Bh3 Nd8 27. gxf5 gxf5 28.
Kh1 Kh8 29. Rg1 Qh6 30. Qg2 Rg8 31. Bd2 Qh5 32. Qf1 b6 33. Nd3 Ne6 34. Nf4 Nxf4
35. Bxf4 Nc6 36. Rd1 Raf8 37. Be3 Nxb4 38. Rg5 Qh4 39. Bxf5 Bh6 40. Rxg8+ Rxg8
41. Bxh6 Qxh6 42. Qh3 Qxh3 43. Bxh3 Rf8 44. Kg2 c5 45. Kf2 Rf4 46. dxc5 bxc5
47. Be6 d4 48. Bc4 Nc6 49. Rg1 Rf8 50. Rg5 h6 51. Rh5 Kg7 52. e6 d3 53. Rxc5
Nd4 54. Rc7+ Kf6 55. Rd7 Nc6 56. f4 a5 57. Ke3 Ne7 58. Kxd3 Ra8 59. Kc3 a4 60.
b4 a3 61. Ba2 Rc8+ 62. Bc4 Ra8 63. Rd2 Kf5 64. b5 Kxf4 65. Rd7 Nf5 66. b6 Rb8
67. b7 Ne3 68. e7 Nxc4 69. Kxc4 a2 70. Rd1 Kf5 71. Kc5 Ke6 72. Kc6 Kxe7 73. Kc7
1-0

[Event "31.Schlosspark-Open"]
[Site "Wiesbaden-Biebrich"]
[Date "2019.08.23"]
[Round "3.7"]
[White "Scholz, Christian"]
[Black "Dietze, Frank"]
[Result "1-0"]
[WhiteElo "2372"]
[BlackElo "2096"]
[PlyCount "77"]
[EventDate "2019.??.??"]
[WhiteTeam "SC Hansa Dortmund"]
[BlackTeam "vereinslos"]

1. d4 Nf6 2. c4 g6 3. Nc3 d5 4. Bf4 Bg7 5. Rc1 O-O 6. e3 c5 7. dxc5 Qa5 8. cxd5
Ne4 9. Nge2 Bd7 10. f3 Nxc5 11. a3 Nba6 12. b4 Nxb4 13. axb4 Qxb4 14. Kf2 Rfc8
15. h4 h6 16. g4 a5 17. g5 h5 18. d6 e6 19. Bg2 a4 20. Ne4 Nxe4+ 21. fxe4 e5
22. Rb1 Qa5 23. Bg3 b5 24. Bh3 Bxh3 25. Rxh3 b4 26. Rh1 b3 27. Qd3 Rab8 28.
Rhc1 Rxc1 29. Nxc1 Rc8 30. Kf3 Bf8 31. Ne2 Rd8 32. d7 Qc7 33. Rd1 b2 34. Nc3 a3
35. Nd5 Qb8 36. Nf6+ Kh8 37. Qc4 b1=Q 38. Rxb1 Qxb1 39. Qxf7 1-0

[Event "31.Schlosspark-Open"]
[Site "Wiesbaden-Biebrich"]
[Date "2019.08.23"]
[Round "3.8"]
[White "Gramb, Marius"]
[Black "Keller, Peter"]
[Result "1/2-1/2"]
[WhiteElo "2130"]
[BlackElo "2342"]
[PlyCount "67"]
[EventDate "2019.??.??"]
[WhiteTeam "Brühler SK"]
[BlackTeam "SK Bickenbach"]

1. d4 Nf6 2. c4 e6 3. g3 d5 4. Nf3 Be7 5. Bg2 O-O 6. O-O dxc4 7. Qc2 a6 8. a4
Bd7 9. Qxc4 Bc6 10. Bf4 Bd6 11. Qc1 a5 12. Nc3 Na6 13. Rd1 Nb4 14. Bg5 Be7 15.
Ne5 Bxg2 16. Kxg2 h6 17. Bxf6 Bxf6 18. Nf3 c6 19. Ne4 Be7 20. Nc5 b6 21. Nd3
Qd5 22. Qc3 Rfd8 23. b3 Rac8 24. Nxb4 Bxb4 25. Qc2 f5 26. Rd3 Be7 27. Rad1 Bf6
28. Qc4 b5 29. Qc2 b4 30. Kg1 Qd6 31. Qc4 Qd5 32. Qc2 Qd6 33. Qc4 Qd5 34. Qc2
1/2-1/2

[Event "31.Schlosspark-Open"]
[Site "Wiesbaden-Biebrich"]
[Date "2019.08.23"]
[Round "3.9"]
[White "Neukirchner, Pascal"]
[Black "Heinemann, Ernst"]
[Result "1/2-1/2"]
[WhiteElo "2328"]
[BlackElo "2088"]
[PlyCount "133"]
[EventDate "2019.??.??"]
[WhiteTeam "SK Gründau"]
[BlackTeam "SK Oldenburg"]

1. d4 Nf6 2. c4 c5 3. d5 b5 4. cxb5 a6 5. bxa6 e6 6. Nc3 Nxd5 7. Nxd5 exd5 8.
Qxd5 Nc6 9. Bd2 Be7 10. e3 O-O 11. Nf3 Qb6 12. Bc4 Bxa6 13. O-O Bxc4 14. Qxc4
Qxb2 15. a4 Bf6 16. Ra2 Ne5 17. Nxe5 Qxe5 18. Rc1 Be7 19. e4 Qe6 20. Rb2 Ra7
21. a5 Rfa8 22. Rb5 h6 23. g3 d6 24. Qd5 Qxd5 25. exd5 Bg5 26. f4 Bf6 27. Kf2
Bd4+ 28. Ke2 Kf8 29. Kd3 g5 30. Rb6 gxf4 31. Rxd6 Be3 32. Bxe3 fxe3 33. Rxc5
Rxa5 34. Rxa5 Rxa5 35. Kxe3 Ke7 36. Rxh6 Rxd5 37. Ra6 Kf8 38. Kf4 Kg7 39. g4
Rb5 40. Ra4 Rb2 41. h4 Rb5 42. Re4 Kg6 43. h5+ Kf6 44. Ra4 Kg7 45. Kg3 Rc5 46.
Kh4 Rb5 47. g5 Rc5 48. Kg4 Rb5 49. h6+ Kh7 50. Ra7 Kg6 51. Ra6+ Kh7 52. Ra8 Rb1
53. Kf5 Rf1+ 54. Ke5 Rg1 55. Kf4 Rf1+ 56. Ke4 Re1+ 57. Kf3 Rf1+ 58. Kg3 Rg1+
59. Kf4 Rf1+ 60. Ke5 Re1+ 61. Kd6 Re6+ 62. Kd7 Re5 63. Kd6 Rxg5 64. Ke7 Kxh6
65. Kf6 Rg6+ 66. Kxf7 Rg7+ 67. Kf6 1/2-1/2

[Event "31.Schlosspark-Open"]
[Site "Wiesbaden-Biebrich"]
[Date "2019.08.23"]
[Round "3.10"]
[White "Ehmann, Thilo"]
[Black "Lesny, Florian"]
[Result "1/2-1/2"]
[WhiteElo "2315"]
[BlackElo "2086"]
[PlyCount "68"]
[EventDate "2019.??.??"]
[WhiteTeam "SF Sasbach"]
[BlackTeam "SK Niederbrechen"]

1. e4 c5 2. Nf3 d6 3. d4 cxd4 4. Nxd4 Nf6 5. f3 e5 6. Nb3 d5 7. Bg5 d4 8. c3
Nc6 9. Bb5 h6 10. Bh4 Qb6 11. Bxc6+ bxc6 12. cxd4 Ba6 13. Bf2 Rd8 14. N1d2 exd4
15. a3 c5 16. Qc2 Qb5 17. O-O-O Be7 18. Kb1 O-O 19. Ka1 Nd7 20. f4 Nb6 21. Rc1
Rc8 22. h4 Qe2 23. Nf3 Qxc2 24. Rxc2 Bd3 25. Rcc1 Bxe4 26. Rhe1 f5 27. Nfd2 Nd5
28. Nxe4 fxe4 29. Rxe4 Rxf4 30. Rxf4 Nxf4 31. Bxd4 Ne2 32. Rc4 Nxd4 33. Nxd4
Bxh4 34. Ne6 Bf6 1/2-1/2

[Event "31.Schlosspark-Open"]
[Site "Wiesbaden-Biebrich"]
[Date "2019.08.23"]
[Round "3.11"]
[White "Henrich, David"]
[Black "Weber, Samuel"]
[Result "1-0"]
[WhiteElo "2126"]
[BlackElo "2287"]
[PlyCount "131"]
[EventDate "2019.??.??"]
[WhiteTeam "SK Gernsheim"]
[BlackTeam "SV Oberursel"]

1. c4 Nf6 2. Nc3 e5 3. g3 Nc6 4. Bg2 g6 5. d3 Bg7 6. e4 d6 7. Nge2 O-O 8. O-O
Nh5 9. h3 Be6 10. g4 Nf6 11. f4 exf4 12. Bxf4 Nd7 13. Qd2 Re8 14. Bg5 Qb8 15.
Bh6 Bh8 16. Be3 a6 17. b3 f6 18. d4 Bf7 19. g5 Nd8 20. Nd5 Bxd5 21. exd5 f5 22.
Nf4 Nf7 23. h4 Nf8 24. Rae1 Qc8 25. Bf2 Qd7 26. Rxe8 Rxe8 27. Re1 Re7 28. Ne6
c6 29. dxc6 bxc6 30. Nxf8 Rxe1+ 31. Qxe1 Kxf8 32. Qa5 Qa7 33. c5 dxc5 34. dxc5
Qd7 35. Qxa6 Qd1+ 36. Qf1 Qg4 37. Qa6 Qd1+ 38. Qf1 Qg4 39. Qd3 Ne5 40. Qd8+ Kf7
41. Qc7+ Kg8 42. Qb8+ Kf7 43. Qxh8 Qd1+ 44. Bf1 Qg4+ 45. Kh1 Qf3+ 46. Bg2 Qxf2
47. Qxe5 Qxh4+ 48. Kg1 Qxg5 49. Qc7+ Kg8 50. Qc8+ Kg7 51. Qd7+ Kg8 52. Qe8+ Kg7
53. Qe7+ Kg8 54. Qe6+ Kg7 55. Qxc6 Qe3+ 56. Kh2 Qf4+ 57. Kg1 Qe3+ 58. Kf1 Qd3+
59. Ke1 Qb1+ 60. Kd2 Qxa2+ 61. Kc3 Qa1+ 62. Kc4 Qc1+ 63. Kb5 f4 64. Qd7+ Kh6
65. c6 Qe3 66. Qh3+ 1-0

[Event "31.Schlosspark-Open"]
[Site "Wiesbaden-Biebrich"]
[Date "2019.08.23"]
[Round "3.12"]
[White "Euler, Gerd"]
[Black "Gries, Volker"]
[Result "1-0"]
[WhiteElo "2263"]
[BlackElo "2078"]
[PlyCount "65"]
[EventDate "2019.??.??"]
[WhiteTeam "SSG Hungen-Lich"]
[BlackTeam "SV Oberursel"]

1. b3 e5 2. Bb2 d6 3. e3 Nf6 4. Nf3 Be7 5. d3 O-O 6. Nbd2 Nbd7 7. c4 Re8 8. Be2
Bf8 9. O-O c6 10. b4 d5 11. cxd5 cxd5 12. Qb3 Qb6 13. a3 h6 14. Rfc1 Qe6 15.
Bf1 Bd6 16. e4 Nb6 17. exd5 Nbxd5 18. Re1 Qf5 19. Nc4 Bc7 20. Ncxe5 Be6 21. Nd4
Qh5 22. Nxe6 Rxe6 23. d4 Rae8 24. Bc4 Ng4 25. h3 Bxe5 26. dxe5 Nxe5 27. Bxd5
Nf3+ 28. Bxf3 Rxe1+ 29. Kh2 Qg6 30. Rxe1 Rxe1 31. g3 b6 32. Qc3 Re7 33. Bh5 1-0

[Event "31.Schlosspark-Open"]
[Site "Wiesbaden-Biebrich"]
[Date "2019.08.23"]
[Round "3.13"]
[White "Reitz, Philipp"]
[Black "Donchenko, Anatoly"]
[Result "1-0"]
[WhiteElo "2061"]
[BlackElo "2249"]
[PlyCount "107"]
[EventDate "2019.??.??"]
[WhiteTeam "VfR-SC Koblenz"]
[BlackTeam "SK Gießen"]

1. e4 e5 2. Nf3 Nc6 3. Nc3 Nf6 4. d4 exd4 5. Nxd4 Bb4 6. Nxc6 bxc6 7. Bd3 d5 8.
exd5 cxd5 9. O-O O-O 10. Bg5 c6 11. Qf3 Be7 12. Rae1 Be6 13. Ne2 Nd7 14. Bxe7
Qxe7 15. Nd4 Nc5 16. Nxc6 Qb7 17. Ne5 Qxb2 18. Bf5 Rae8 19. Ng4 Ne4 20. Rb1
Qxa2 21. Rb3 Qxc2 22. Nf6+ gxf6 23. Bxe4 Qxe4 24. Qxf6 Bf5 25. f4 Re6 26. Rg3+
Bg6 27. Qa1 f5 28. Qxa7 Rf7 29. Qb8+ Kg7 30. h4 h5 31. Rc1 Re8 32. Qb2+ d4 33.
Qb6 Re6 34. Qb8 Rc6 35. Ra1 Rfc7 36. Qd8 Qe7 37. Qxd4+ Qf6 38. Qd1 Qxh4 39. Qf3
Qf6 40. Ra8 Rc1+ 41. Kh2 Kh7 42. Rg5 Rc8 43. Rxc8 Rxc8 44. Qb7+ Kh6 45. Qxc8
Qd4 46. Qf8+ Kh7 47. Qe7+ Kh6 48. Rxg6+ Kxg6 49. Qg5+ Kf7 50. Qxh5+ Ke6 51.
Qg6+ Qf6 52. Qxf6+ Kxf6 53. Kg3 Kg6 54. Kf3 1-0

[Event "31.Schlosspark-Open"]
[Site "Wiesbaden-Biebrich"]
[Date "2019.08.23"]
[Round "3.14"]
[White "Laux, Dominik"]
[Black "Hebbering, Tom Elliot"]
[Result "1/2-1/2"]
[WhiteElo "2016"]
[BlackElo "2220"]
[PlyCount "70"]
[EventDate "2019.??.??"]
[WhiteTeam "VSG Offenbach"]
[BlackTeam "SK Gernsheim"]

1. d4 d5 2. Bf4 Nf6 3. e3 e6 4. Nf3 c5 5. c3 Nc6 6. Nbd2 Be7 7. Ne5 Nd7 8. Ndf3
Qb6 9. Qc2 Ndxe5 10. Nxe5 Nxe5 11. Bxe5 f6 12. Bg3 Bd7 13. Bd3 g6 14. h4 Bb5
15. Bxb5+ Qxb5 16. h5 Kf7 17. hxg6+ hxg6 18. O-O-O cxd4 19. exd4 Qc6 20. Qd2 b5
21. Kb1 a5 22. Rh6 Rxh6 23. Qxh6 Bf8 24. Qf4 Bg7 25. Qd6 Qxd6 26. Bxd6 Rh8 27.
Kc2 Ke8 28. a4 Kd7 29. Bg3 bxa4 30. Ra1 Kc6 31. Rxa4 Kb5 32. Ra1 e5 33. dxe5
fxe5 34. Re1 Rh5 35. Rd1 Kc4 1/2-1/2

[Event "31.Schlosspark-Open"]
[Site "Wiesbaden-Biebrich"]
[Date "2019.08.23"]
[Round "3.15"]
[White "Pauls, Wilhelm"]
[Black "Everett, Elijah"]
[Result "1/2-1/2"]
[WhiteElo "1995"]
[BlackElo "2203"]
[PlyCount "89"]
[EventDate "2019.??.??"]
[WhiteTeam "SG Kaarst"]
[BlackTeam "SF Schöneck"]

1. e4 c5 2. Nf3 d6 3. d4 cxd4 4. Nxd4 Nf6 5. Nc3 a6 6. Bg5 e6 7. f4 b5 8. e5
dxe5 9. fxe5 Qc7 10. exf6 Qe5+ 11. Be2 Qxg5 12. O-O Ra7 13. Qd3 Rd7 14. Ne4 Qe5
15. Nf3 Qxb2 16. Qe3 Bb7 17. a4 Qb4 18. c4 Bxe4 19. Qxe4 gxf6 20. axb5 Bg7 21.
Rab1 Qc5+ 22. Kh1 O-O 23. Qc2 axb5 24. Rxb5 Qc7 25. Qa4 f5 26. Rfb1 Nc6 27. Rc5
Rc8 28. Qa6 Bf8 29. Rcb5 Qd8 30. Rb6 Nd4 31. Bd1 Nxf3 32. Bxf3 Rd4 33. Rc6 Rb8
34. Re1 Bd6 35. g3 Rd2 36. Re2 Bxg3 37. hxg3 Qd3 38. Rc8+ Kg7 39. Qa1+ Kg6 40.
Bh5+ Kxh5 41. g4+ fxg4 42. Qe5+ f5 43. Rh2+ Rxh2+ 44. Qxh2+ Kg6 45. Qxb8
1/2-1/2

[Event "31.Schlosspark-Open"]
[Site "Wiesbaden-Biebrich"]
[Date "2019.08.23"]
[Round "3.17"]
[White "Boidman, Yuri"]
[Black "Mueller, Lutz"]
[Result "1-0"]
[WhiteElo "2374"]
[BlackElo "1906"]
[PlyCount "45"]
[EventDate "2019.??.??"]
[WhiteTeam "SC Heimbach-Weis"]
[BlackTeam "SC Bad Königshofen"]

1. e4 g6 2. d4 Bg7 3. Nf3 d6 4. Nc3 Nf6 5. Be2 O-O 6. O-O Nc6 7. h3 e5 8. dxe5
dxe5 9. Qxd8 Nxd8 10. Be3 Ne6 11. Rad1 Nh5 12. Bc4 h6 13. Kh2 a6 14. a4 Kh7 15.
Nd5 f5 16. Ne7 f4 17. Bd2 Nd4 18. Nh4 Rf6 19. c3 Ne6 20. Be2 f3 21. Bxf3 Nef4
22. Nxc8 Rxc8 23. g4 1-0

[Event "31.Schlosspark-Open"]
[Site "Wiesbaden-Biebrich"]
[Date "2019.08.23"]
[Round "3.18"]
[White "Schmitz, Andreas Arnold"]
[Black "Stork, Oliver"]
[Result "1/2-1/2"]
[WhiteElo "1991"]
[BlackElo "2322"]
[PlyCount "71"]
[EventDate "2019.??.??"]
[WhiteTeam "SV Freibauer Eikamp"]
[BlackTeam "SV Oberursel"]

1. e4 c6 2. Nc3 d5 3. Qf3 dxe4 4. Nxe4 Nd7 5. d4 Ngf6 6. c3 g6 7. Nxf6+ Nxf6 8.
h3 Bg7 9. Bd3 O-O 10. Ne2 c5 11. O-O cxd4 12. Nxd4 e5 13. Nb3 Qc7 14. Be3 Bd7
15. Rad1 Rfe8 16. Qe2 Nd5 17. Nc5 Nf4 18. Qc2 Nxd3 19. Qxd3 Bc6 20. Qd6 Qa5 21.
Nd7 Re6 22. Qb4 Qxb4 23. cxb4 b6 24. Rd2 Rd8 25. Rfd1 Kh8 26. f4 exf4 27. Bxf4
h6 28. Nb8 Rxd2 29. Rxd2 Bb5 30. b3 Bc3 31. Rd5 Re1+ 32. Kf2 Rf1+ 33. Ke3 Re1+
34. Kf2 Rf1+ 35. Ke3 Re1+ 36. Kf2 1/2-1/2

[Event "31.Schlosspark-Open"]
[Site "Wiesbaden-Biebrich"]
[Date "2019.08.23"]
[Round "3.19"]
[White "Nagel, Bernhard"]
[Black "Junker, Christian"]
[Result "1-0"]
[WhiteElo "2228"]
[BlackElo "2011"]
[PlyCount "75"]
[EventDate "2019.??.??"]
[WhiteTeam "Kölner SK Dr. Lasker"]
[BlackTeam "SV Neu-Isenburg"]

1. c4 f5 2. g3 e6 3. Bg2 d5 4. Nf3 Nf6 5. O-O Be7 6. cxd5 exd5 7. e3 O-O 8. Nc3
c6 9. d3 a5 10. Ne2 Na6 11. Bd2 Nc5 12. Bc3 b5 13. Rc1 Bd7 14. Ne5 Na4 15. Qc2
Nxc3 16. Qxc3 Rc8 17. Nxd7 Nxd7 18. Nf4 Bb4 19. Qb3 Rf6 20. a3 Bc5 21. d4 Bf8
22. a4 b4 23. Qc2 Nb6 24. b3 g6 25. Qe2 g5 26. Nd3 Nd7 27. Rc2 Rd6 28. Rfc1 Qf6
29. f4 gxf4 30. Nxf4 Re8 31. Rxc6 Nb6 32. Rxd6 Qxd6 33. Qd3 Bh6 34. Qxf5 Rxe3
35. Bxd5+ Nxd5 36. Rc8+ Bf8 37. Nxd5 Qh6 38. Rxf8+ 1-0

[Event "31.Schlosspark-Open"]
[Site "Wiesbaden-Biebrich"]
[Date "2019.08.23"]
[Round "3.20"]
[White "Tischendorf, Michael"]
[Black "Tremoehlen, Thomas"]
[Result "1/2-1/2"]
[WhiteElo "2165"]
[BlackElo "1989"]
[PlyCount "72"]
[EventDate "2019.??.??"]
[WhiteTeam "SV Hofheim"]
[BlackTeam "SG Kaarst"]

1. d4 Nf6 2. Nc3 d5 3. Bf4 c6 4. e3 Bf5 5. f3 e6 6. g4 Bg6 7. h4 h5 8. g5 Nfd7
9. Bd3 Bxd3 10. Qxd3 g6 11. O-O-O b5 12. e4 a6 13. exd5 cxd5 14. Nh3 Be7 15.
Rhe1 O-O 16. Rxe6 Kg7 17. Re3 Nb6 18. Rde1 Nc6 19. Bg3 Bd6 20. f4 Nb4 21. Qd1
Nc4 22. Rf3 Qa5 23. Kb1 Rac8 24. f5 Bxg3 25. Rxg3 Rfe8 26. Nf4 Nxa2 27. fxg6
Na3+ 28. Kxa2 Nxc2+ 29. Kb3 Rxc3+ 30. bxc3 Nxe1 31. Nxh5+ Kxg6 32. Qb1+ Re4 33.
Nf4+ Kg7 34. Nh5+ Kg6 35. Nf4+ Kg7 36. Nh5+ Kg6 1/2-1/2

[Event "31.Schlosspark-Open"]
[Site "Wiesbaden-Biebrich"]
[Date "2019.08.23"]
[Round "3.21"]
[White "Wolf, Andreas"]
[Black "Rolf, Marco"]
[Result "1-0"]
[WhiteElo "2028"]
[BlackElo "2133"]
[PlyCount "55"]
[EventDate "2019.??.??"]
[WhiteTeam "FVS ASP Hoyerswerda"]
[BlackTeam "SK Gernsheim"]

1. d4 d5 2. Nf3 Nf6 3. c4 c6 4. Nc3 dxc4 5. a4 Bf5 6. e3 e6 7. Bxc4 Bb4 8. O-O
Nbd7 9. Qb3 a5 10. Na2 Bd6 11. Nc3 O-O 12. Re1 e5 13. h3 Ne4 14. Nxe4 Bxe4 15.
Nd2 Bg6 16. Qxb7 Qe7 17. dxe5 Bxe5 18. Nf3 Rfb8 19. Qxc6 Rc8 20. Qd5 Be4 21.
Qxf7+ Qxf7 22. Bxf7+ Kf8 23. Be6 Rd8 24. Nxe5 Nxe5 25. b3 Bc2 26. Ba3+ Ke8 27.
Ra2 Nd3 28. Rf1 1-0

[Event "31.Schlosspark-Open"]
[Site "Wiesbaden-Biebrich"]
[Date "2019.08.23"]
[Round "3.22"]
[White "Neurohr, Juergen"]
[Black "Zimmer, Gerald"]
[Result "1/2-1/2"]
[WhiteElo "2127"]
[BlackElo "1952"]
[PlyCount "82"]
[EventDate "2019.??.??"]
[WhiteTeam "SF Mainz"]
[BlackTeam "SC Bergen-Enkheim"]

1. c4 e6 2. d4 Nf6 3. g3 d5 4. Bg2 c6 5. Nf3 Bb4+ 6. Bd2 Bxd2+ 7. Nbxd2 Nbd7 8.
Qc2 O-O 9. O-O Re8 10. Rfd1 Qe7 11. e4 dxe4 12. Nxe4 Nxe4 13. Qxe4 Nf6 14. Qe2
Bd7 15. Ne5 Rad8 16. Rd3 Qd6 17. Rad1 Bc8 18. g4 Nd7 19. g5 Nxe5 20. Qxe5 Qxe5
21. dxe5 Rxd3 22. Rxd3 Rf8 23. Be4 g6 24. c5 Re8 25. b4 Kf8 26. f4 Ke7 27. Kf2
Rd8 28. Rxd8 Kxd8 29. Ke3 Bd7 30. Kd4 Kc7 31. Bd3 Be8 32. h4 Bd7 33. Be2 Kd8
34. h5 Kc7 35. h6 Kd8 36. Bd3 Ke7 37. a4 a6 38. Kc3 Kd8 39. Kc4 Kc7 40. Kc3 Kd8
41. b5 a5 1/2-1/2

[Event "31.Schlosspark-Open"]
[Site "Wiesbaden-Biebrich"]
[Date "2019.08.23"]
[Round "3.23"]
[White "Weiland, Thomas"]
[Black "Gundlach, Michael"]
[Result "1/2-1/2"]
[WhiteElo "1772"]
[BlackElo "2122"]
[PlyCount "50"]
[EventDate "2019.??.??"]
[WhiteTeam "SV Oberursel"]
[BlackTeam "SF Mainz"]

1. c4 d6 2. g3 e5 3. Bg2 f5 4. Nc3 Nf6 5. d3 Be7 6. Nf3 O-O 7. O-O c6 8. a3 a5
9. Bd2 Qe8 10. b4 Bd8 11. Qc2 Qh5 12. h3 f4 13. g4 Nxg4 14. hxg4 Bxg4 15. Nh2
Bh3 16. Bxh3 Qxh3 17. Ne4 Rf5 18. f3 Rh5 19. Rf2 Bh4 20. Rg2 Bg3 21. Kf1 Nd7
22. Ng4 Qh1+ 23. Rg1 Qh3+ 24. Rg2 Qh1+ 25. Rg1 Qh3+ 1/2-1/2

[Event "31.Schlosspark-Open"]
[Site "Wiesbaden-Biebrich"]
[Date "2019.08.23"]
[Round "3.24"]
[White "Kuhn, Andreas"]
[Black "Kobs, Stephan"]
[Result "1/2-1/2"]
[WhiteElo "2119"]
[BlackElo "1961"]
[PlyCount "47"]
[EventDate "2019.??.??"]
[WhiteTeam "Sfr. Erbach"]
[BlackTeam "SC Tempo Göttingen"]

1. d4 Nf6 2. c4 c5 3. d5 b5 4. cxb5 a6 5. bxa6 Bxa6 6. Nc3 d6 7. Nf3 g6 8. g3
Bg7 9. Bg2 Nbd7 10. O-O Nb6 11. Re1 O-O 12. h3 Nfd7 13. Qc2 Nc4 14. Rb1 Qa5 15.
Bg5 Rfe8 16. Rbc1 h6 17. Bd2 Reb8 18. b3 Nxd2 19. Qxd2 Qb4 20. e4 Ne5 21. Nxe5
Bxe5 22. Nb1 Qxd2 23. Nxd2 Bd3 24. Re3 1/2-1/2

[Event "31.Schlosspark-Open"]
[Site "Wiesbaden-Biebrich"]
[Date "2019.08.23"]
[Round "3.25"]
[White "Bollmann, Henrik"]
[Black "Ahrends, Norbert"]
[Result "1-0"]
[WhiteElo "2096"]
[BlackElo "1926"]
[PlyCount "169"]
[EventDate "2019.??.??"]
[WhiteTeam "SC Bad Nauheim"]
[BlackTeam "SK Gernsheim"]

1. c4 c5 2. g3 d6 3. Bg2 Qc7 4. Nc3 Bd7 5. Nf3 e6 6. O-O Bc6 7. d4 cxd4 8. Qxd4
a6 9. Rd1 Nf6 10. b3 Nbd7 11. Ba3 Nc5 12. b4 Na4 13. Rac1 Rd8 14. Nxa4 Bxa4 15.
Re1 Qb8 16. e4 Be7 17. Bb2 e5 18. Qd3 Bd7 19. a3 O-O 20. Qe2 Rc8 21. h3 b6 22.
Nd2 Rc7 23. Nf1 b5 24. c5 Rc6 25. cxd6 Bxd6 26. Ne3 Rfc8 27. Kh2 Be6 28. Nd5
Nd7 29. Rxc6 Rxc6 30. Rc1 Rxc1 31. Bxc1 Nb6 32. Nxb6 Qxb6 33. Be3 Qc7 34. Qd2
f6 35. Bf1 Be7 36. Bd3 Kf7 37. h4 Qc6 38. Kg2 Qc8 39. f3 Bh3+ 40. Kf2 Be6 41.
Qb2 Bd6 42. Bd2 Bc4 43. Qc2 Be6 44. Qb2 Bc4 45. Qc1 Be6 46. Qxc8 Bxc8 47. f4 h6
48. Ke3 Bc7 49. Kf3 Bd7 50. Bc2 Be6 51. Bd3 Bb3 52. Be2 Be6 53. Be3 Ke7 54.
Bc5+ Kf7 55. f5 Bb3 56. Ke3 Ke8 57. Bh5+ Bf7 58. Be2 Bd8 59. Kd2 Be7 60. Be3
Kd7 61. Kc3 Kc7 62. Bd1 Bf8 63. a4 Kc6 64. Bc2 Bc4 65. Bb3 Be2 66. Bd5+ Kd7 67.
a5 Kc7 68. Bb6+ Kc8 69. Be3 Kc7 70. Bd2 Bh5 71. Kd3 Bg4 72. Ke3 h5 73. Be1 Bd6
74. Kd3 Bf8 75. Kc3 Be7 76. Bf2 Bf3 77. Be1 Bf8 78. Kd3 Bd6 79. Bb3 Kd7 80. Ke3
Bg4 81. Bd2 Bf8 82. Bc2 Bd6 83. Be1 Bf8 84. Bd3 Ke8 85. Bxb5+ 1-0